Elecciones y sistemas de partidos en América Latina

Kaydedildi:
Detaylı Bibliyografya
Yazar: Nohlen, Dieter (autor)
Materyal Türü: Kitap
Dil:İspanyolca
Baskı/Yayın Bilgisi: San José IIDH 1993
Konular:
Etiketler: Etiketle
Etiket eklenmemiş, İlk siz ekleyin!

MARC

LEADER 00000nam a2200000 a 4500
001 UCX9025
003 CL-VaPUC
008 940512e19930000CR |||||||||||||||||spa|d
082 0 4 |a 324.2  |b NOH  |2 21 
100 |a Nohlen, Dieter  |e autor  |9 616764 
245 1 0 |a Elecciones y sistemas de partidos en América Latina 
300 |a 516 p 
942 |c BK 
945 |d 19940512 00:00:00  |a aalvarez 
260 |a San José  |b IIDH  |c 1993 
650 0 |a Elecciones  |9 254997 
650 0 |a Sistemas electorales  |9 326307 
651 0 |a América Latina   |9 255027 
583 |a last modification  |c 19940512 00:00:00  |k Rodrigo Vera 
999 |c 228378  |d 228376 
952 |0 0  |1 0  |4 0  |6 324_200000000000000_NOH_1993  |7 0  |8 A  |9 228370  |a BIBDER  |b BIBDER  |d 2019-11-15  |i 2977826  |o 324.2 NOH 1993  |p 2977826  |r 2023-01-25  |w 2019-11-15  |y BK  |k DER